عرض عادي عرض مارك
  • Doweiko, Harold E.,

مدخل إسم شخص

عدد التسجيلات المستخدمة في: 1

001 - رقم الضبط

  • حقل الضبط: 49917

003 - معرف رقم الضبط

  • حقل الضبط: OSt

005 - تاريخ ووقت أخر عملية

  • حقل الضبط: 20150729224706.0

008 - عناصر بيانات ثابتة الطول

  • حقل تحكم ثابت الطول: 150729|| aca||aabn | a|a d

040 ## - مصدر الفهرسة

  • هيئة الفهرسة الأصلية: OSt
  • وكالة الكتابة: OSt

100 ## - مدخل -- أسم شخص

  • إسم شخص: Doweiko, Harold E.,
  • تواريخ مرتبطة بالاسم: 1953-

670 ## - بيانات المصدر موجوده

  • الاستشهاد بالمصدر: Work cat.: (OSt)0: Doweiko, Harold E., 1953-, Concepts of chemical dependency /, c2012.